Library Banner

The anarchy : (Record no. 115180)

MARC details
000 -LEADER
fixed length control field 00471nam a2200169 4500
005 - DATE AND TIME OF LATEST TRANSACTION
control field 20191226092406.0
008 - FIXED-LENGTH DATA ELEMENTS--GENERAL INFORMATION
fixed length control field 191226b ||||| |||| 00| 0 eng d
020 ## - INTERNATIONAL STANDARD BOOK NUMBER
International Standard Book Number 9781408864371
040 ## - CATALOGING SOURCE
Transcribing agency PK-LaUMT
082 ## - DEWEY DECIMAL CLASSIFICATION NUMBER
Classification number 954.031
Item number DAL-A
100 ## - MAIN ENTRY--PERSONAL NAME
Personal name Dalrymple, William
245 ## - TITLE STATEMENT
Title The anarchy :
Remainder of title the relentless rise of the East India Company /
260 ## - PUBLICATION, DISTRIBUTION, ETC. (IMPRINT)
Place of publication, distribution, etc London :
Name of publisher, distributor, etc Bloomsbury Publishing,
Date of publication, distribution, etc 2019
300 ## - PHYSICAL DESCRIPTION
Extent 522 p.
710 ## - ADDED ENTRY--CORPORATE NAME
Corporate name or jurisdiction name as entry element East India Company
942 ## - ADDED ENTRY ELEMENTS (KOHA)
Koha item type Books
Holdings
Withdrawn status Lost status Damaged status Home library Current library Date acquired Full call number Barcode Date last seen Price effective from Koha item type
      UMT Main Campus UMT Main Campus 2019-12-26 954.031 DAL-A 132793 2021-03-19 2019-12-26 Books